Responses for Show #6115 - Friday, March 25, 2011

Contestants

[<< previous game]

Julie Ross Godar, an online managing editor from San Francisco, California

Eric Sebert, a pig and chicken farmer from Hominy Falls, West Virginia

Megan Barnes, a stay-at-home mother from Baltimore, Maryland (whose 3-day cash winnings total $103,203)

[next game >>]

Jeopardy! Round responses

PRESIDENTIAL MONOGRAMS
RECENT ALBUMS
IT'S ALPHANUMERIC
IMAGINARY PLACES
I THINK WE LEFT SOMEONE OUT
ALL ONE SYLLABLE
    $200 26
Herbert Hoover

Megan
    $200 1
the Jonas Brothers

Julie
    $200 21
A.1.

Megan
    $200 15
Wonderland

Megan
    $200 10
Mark

Julie
    $200 2
(Julie: What is the trunk?)

the limb (or bough)

EricJulie
    $400 27
William Howard Taft

Julie
    $400 7
(Susan) Boyle

Megan
    $400 22
4-H

Eric
    $400 16
Gulliver

Eric
    $400 11
Quayle

Julie
    $400 3
bore

Megan
    $600 28
William Henry Harrison

Eric
    $600 8
Kelly Clarkson

Megan
    $600 23
U2

Julie
    $600 17
India

Julie
    $600 12
Tito

Julie
    $600 4
Babe

Eric
    $800 29
Martin Van Buren

Julie
    $800 9
Bruce Springsteen

Julie
    $800 24
401(k)

Megan
    $1,400 18
Treasure Island

Julie
    $800 13
(Megan: Who is Bradley?)
...
(Alex: Bradley got his fifth star later.)

Dwight David Eisenhower

Megan
Triple Stumper
    $800 5
chance

Megan
    $1000 30
(Julie: Who is James Monroe? Who is Monroe?)
(Alex: Not enough.)

James Madison & James Monroe

MeganJulie
    $1000 20
Rod Stewart

Triple Stumper
    $1000 25
F-150

Triple Stumper
    $1000 19
Utopia

Eric
    $1000 14
(Megan: What is pestilence?)

death

Megan
Triple Stumper
    $1000 6
the fife

Eric

Scores at the first commercial break (after clue 15):

Megan Eric Julie
$600 $1,800 $2,000

Scores at the end of the Jeopardy! Round:

Megan Eric Julie
$2,800 $4,200 $4,800

Double Jeopardy! Round responses

INDONESIA
JACK NICHOLSON'S OSCAR-NOMINATED ROLES
I "GET" IT
COLLEGES NAMED FOR PEOPLE
IN WHICH DECADE
(Alex: You tell us.)
THE HALEAKALA OBSERVATORY
(Sarah: Located 10,000 feet up on Maui for the clearest stargazing you'll find.)
    $400 24
Sumatra

Julie
    $400 19
About Schmidt

Julie
    $400 13
target

Julie
    $400 6
Brigham Young

Eric
    $400 1
the 1960s

Julie
    $400 8
laser

Eric
    $800 25
hobbits

Eric
    $800 20
(Julie: What is The Right Stuff?)

Terms of Endearment

Julie
Triple Stumper
    $800 14
forget

Julie
    $800 7
(Eric: What is Georgetown?)
...
(Alex: What is [*]--not Georgetown.)

George Washington University

Eric
Triple Stumper
    $800 2
the '90s

Julie
    $800 9
(Alex: [*] galaxies.)

antennae

Julie
    $1200 26
Muslim

Julie
    $1200 21
Five Easy Pieces

Eric
    $1200 15
beget

Megan
    $1200 10
Oral Roberts University

Eric
    $1200 3
the '50s

Julie
    $1200 18
the corona

Julie
    $1,400 27
the Netherlands

Julie
    $1600 22
(Alex: That was [*].)
[Imitates Jack Nicholson]
Charlie Partanna.
[Normal voice]
I love the way he told that--he mentioned his name.)

Prizzi's Honor

Triple Stumper
    $1600 16
(Alex: They both believed they had purchased [*].)

Getty Oil

Triple Stumper
    $1600 11
Mudd

Megan
    $1600 4
the '30s

Megan
    $1600 29
(Megan: What are asteroids?)
(Alex: Be more--)
(Megan: [*]?)

near-earth asteroids

Megan
    $2000 28
(Megan: What is a tsunami?)

a volcano

Megan
Triple Stumper
    $2000 23
(Alex: Yes, that's the movie.)

Reds

Eric
    $2000 17
(Eric: I don't know why I rang in.)

getaway

MeganEric
    $2000 12
Sarah Lawrence

Triple Stumper
    $2000 5
(Alex: For its coverage of Watergate. [*].)

the 1970s

Triple Stumper
    $6,000 30
(Megan: What is dust?)

scattering

Megan

Scores at the end of the Double Jeopardy! Round:

Megan Eric Julie
$2,800 $7,400 $13,000

[wagering suggestions for these scores]

Final Jeopardy! Round responses

PHILANTHROPY
(Alex: Basic question: which fashion company might have a horse as part of its logo?)
...
(Alex: [To Megan] Who is [*], the Polo line, yes indeed.)
MeganWhat is Ralph Lauren?
$16
EricWhat is ?
$5,900
JulieWhat is Ralph Ralph Lauren?
$2,801
Ralph Lauren

Final scores:

Megan Eric Julie
$2,816 $1,500 $15,801
2nd place: $2,000 3rd place: $1,000 New champion: $15,801

Game dynamics:

Coryat scores:

Megan Eric Julie
$8,800 $7,400 $12,600
14 R,
4 W
(including 1 DD)
13 R,
2 W
21 R
(including 2 DDs),
3 W

Combined Coryat: $28,800

[game clues] [game scores] [suggest correction]

Game tape date: 2010-11-17
The J! Archive is created by fans, for fans. Scraping, republication, monetization, and malicious use prohibited; this site may use cookies and collect identifying information. See terms. The Jeopardy! game show and all elements thereof, including but not limited to copyright and trademark thereto, are the property of Jeopardy Productions, Inc. and are protected under law. This website is not affiliated with, sponsored by, or operated by Jeopardy Productions, Inc. Join the discussion at JBoard.tv.